000 01231cam a2200361 4500
002 L155706
008 040705n2010 000 0 eng u
020 _a9780273728955
035 _a(Sirsi) u155706
041 _aeng.
050 _a690.23
_c18
100 _aAshworth, Allan
245 _aCost studies of buildings
250 _a5th ed.
260 _aHarlow
_bPearson Education Ltd
_c2010
300 _aBook
520 _aExamines the costs of buildings and the ways in which costs can be forecast, monitored, controlled and evaluated. Features chapters on predevelopment, completion of projects and facilities management. Contains self assessment questions within each chapter, and a bibliography.
520 _aSuperseded by 6th ed(ISBN 9781315708867)
650 _aBUILT ENVIRONMENT-BUILDING COSTS
650 _aBUILDING INDUSTRY
650 _aCONSTRUCTION INDUSTRY
650 _aCOST ANALYSIS
650 _aCOST INDICES
650 _aCOST CONTROL
650 _aCOST INDICES
650 _aCOST MODELLING
650 _aDEVELOPMENT APPRAISAL
650 _aESTIMATING TECHNIQUES
650 _aLIFE CYCLE COSTING
651 4 _aENGLAND AND WALES
690 _aCost management
_96233
942 _n0
999 _c113771
_d113771